| 000 | 00971nam a2200289 a 4500 | ||
|---|---|---|---|
| 001 | 000011960 | ||
| 003 | DO-SdBNP | ||
| 005 | 20180322143959.0 | ||
| 007 | 000011960 | ||
| 008 | 091102s1994 dr 000 f spa d | ||
| 040 |
_aBPMSU _bspa _cBPMSU |
||
| 092 |
_aRD863.4 _bC422s, 1994 |
||
| 100 | 1 |
_aCestero, Tulio Manuel, _d1877-1955 |
|
| 245 | 1 | 3 |
_aLa sangre : _buna vida bajo la tiranía / _cTulio Manuel Cestero ; prólogo León David |
| 260 |
_aSanto Domingo : _bPlan Decenal de Educación _c1994 |
||
| 300 |
_a244 p. ; _c21 cm. |
||
| 490 | 1 | _aBiblioteca dominicana básica,3 | |
| 650 | 4 | _aNOVELA DOMINICANA | |
| 650 | 4 | _aLITERATURA DOMINICANA | |
| 700 | 1 |
_aDavid, León _epról. |
|
| 710 | _4Secretaría de Estado de Educación (República Dominicana) | ||
| 830 | 0 |
_aBiblioteca dominicana básica _p3 |
|
| 910 | _aValidado. Control de calidad BNPHU | ||
| 942 |
_2ddc _cBK |
||
| 945 | _aInventariado / 2018 VM | ||
| 956 |
_aVMATEO _b10 _c20150226 _lBPMSU _h00151 |
||
| 999 |
_c7521 _d7521 |
||